Filosofia y fisiología comparadas en su historia con el criterio de la ciencia viviente (Record no. 160676)

MARC details
000 -LEADER
campo de control de longitud fija 01146nam a2200229 i 4500
001 - NÚMERO DE CONTROL
campo de control 160676
003 - IDENTIFICADOR DE NÚMERO DE CONTROL
campo de control ES-MaACL
005 - FECHA Y HORA DE LA ÚLTIMA TRANSACCIÓN
campo de control 20250808063540.0
008 - DATOS DE LONGITUD FIJA--INFORMACIÓN GENERAL
campo de control de longitud fija 980810m18991900sp |||| | spa d
100 1# - ENTRADA PRINCIPAL--NOMBRE DE PERSONA
Nombre de persona Nieto y Serrano, Matías,
Fechas asociadas al nombre 1813-1902
9 (RLIN) 130482
245 10 - MENCIÓN DEL TÍTULO
Título Filosofia y fisiología comparadas en su historia con el criterio de la ciencia viviente
Resto del título : conferencias dadas en la Escuela de Especialidades Médicas /
Mención de responsabilidad, etc. por D. Matías Nieto Serrano, marqués de Guadalerzas.
246 3# - FORMA VARIANTE DEL TITULO
Texto de visualización Tít. del v. 1
Título propio/Titulo breve Filosofía y fisiología
Resto del título : conferencias dadas en la Escuela de Especialidades Médicas
260 ## - PUBLICACIÓN, DISTRIBUCIÓN, ETC.
Lugar de publicación, distribución, etc. Madrid :
Nombre del editor, distribuidor, etc. [s.n.],
Fecha de publicación, distribución, etc. 1899-1900 (
Fabricante E. Teodoro)
300 ## - DESCRIPCIÓN FÍSICA
Extensión 3 v. ;
Dimensiones 23 cm.
530 ## - NOTA DISPONIBLE DE FORMULARIO FÍSICO ADICIONAL
Nota de formato físico adicional disponible Disponible en formato digital.
594 ## - Nota al título y mención de responsabilidad
Nota al título y mención de responsabilidad El tít. del v. 1 es: Filosofía y fisiología: conferencias dadas en la Escuela de Especialidades Médicas.
597 ## - NOTA DE DESCRIPCIÓN FÍSICA
NOTA DE DESCRIPCIÓN FÍSICA Antep.
650 #4 - PUNTO DE ACCESO ADICIONAL DE MATERIA--TÉRMINO DE MATERIA
Término de materia o nombre geográfico como elemento de entrada Fisiología.
9 (RLIN) 136120
852 ## - LOCALIZACIÓN
Ubicación ES-MaACL
Número de control de estantería G-15752-54
Nota libre - Enc. hol., conservando cub. original
Encuadernación -- Edic.:
856 ## - LOCALIZACIÓN Y ACCESO ELECTRÓNICOS
Identificador Uniforme de Recursos <a href="http://bdh-rd.bne.es/viewer.vm?id=0000135202&page=1 ">http://bdh-rd.bne.es/viewer.vm?id=0000135202&page=1 </a>
Nota pública Biblioteca Digital Hispánica
Holdings
Estatus retirado Estado de pérdida Estado de daño No para préstamo Colección Biblioteca de origen Biblioteca actual Ubicación en estantería Fecha de adquisición Total de préstamos Signatura topográfica completa Código de barras Visto por última vez Precio de reemplazo Tipo de ítem Koha
        Colección digital Biblioteca del Ateneo de Madrid Biblioteca del Ateneo de Madrid Sala Pecera Planta 3 17/01/2008   G-15752-54 1168254 23/02/2023 23/02/2023 Libro impreso antiguo